Европейская поэзия XIX века; Австрия, Албания, Англия, Бельгия, Болгария, Венгрия, Германия, Греция, Дания, Ирландия, Исландия, Испания, Италия, Нидерланды, Норвегия, Польша, Португалия, Румыния, Финляндия, Франция, Чехословакия, Швейцария, Швеция, Югославия

Bibliografiske detaljer
Andre forfattere: Небольсин С. (автор предисловия), Панас К. (автор послесловия)
Summary:В примечаниях даны краткие биографические данные об авторах
Sprog:russisk
Udgivet: Москва, Художественная литература, 1977
Serier:Библиотека всемирной литературы Т. 85
Серия вторая. Литература XIX века
Fag:
Format: MixedMaterials Bog
KOHA link:https://koha.lib.tpu.ru/cgi-bin/koha/opac-detail.pl?biblionumber=181930

MARC

LEADER 00000nam0a2200000 4500
001 181930
005 20231031171150.0
035 |a (RuTPU)RU\TPU\book\197212 
090 |a 181930 
100 |a 20100615d1977 m y0rusy50 ca 
101 2 |a rus  |c ger  |c alb  |c eng  |c bul  |c scc  |c gre  |c dan  |c ice  |c ita  |c dut  |c nor  |c pol  |c por  |c fin  |c fre  |c cze  |c swe 
102 |a RU 
105 |a a z 000gb 
200 1 |a Европейская поэзия XIX века  |a Австрия, Албания, Англия, Бельгия, Болгария, Венгрия, Германия, Греция, Дания, Ирландия, Исландия, Испания, Италия, Нидерланды, Норвегия, Польша, Португалия, Румыния, Финляндия, Франция, Чехословакия, Швейцария, Швеция, Югославия  |f авт. предисл. С. Небольсин ; авт. послесл. К. Панас 
210 |a Москва  |c Художественная литература  |d 1977 
215 |a 928 с.  |c цв. ил. 
225 1 |a Библиотека всемирной литературы  |v Т. 85 
225 1 |a Серия вторая. Литература XIX века 
300 |a В примечаниях даны краткие биографические данные об авторах 
320 |a Примечания: с. 797-898 
610 1 |a Европейская литература 
610 1 |a поэзия 
675 |a 89  |v 3 
702 1 |a Небольсин  |b С.  |4 080 
702 1 |a Панас  |b К.  |4 075 
801 1 |a RU  |b 63413507  |c 20100615 
801 2 |a RU  |b 63413507  |c 20100615  |g RCR 
942 |c BK